Central Library OPAC University of Rajshahi

Economics and management in agriculture / (Record no. 3069)

MARC details
000 -LEADER
fixed length control field 00730cam a22002531i 4500
001 - CONTROL NUMBER
control field 3069
003 - CONTROL NUMBER IDENTIFIER
rucl marc code BD-RjUL
005 - DATE AND TIME OF LATEST TRANSACTION
control field 20211208233653.0
008 - FIXED-LENGTH DATA ELEMENTS--GENERAL INFORMATION
fixed length control field 131218s1962 nju 001 0 eng d
035 ## - SYSTEM CONTROL NUMBER
System control number (OCoLC)2472737
System control number (OCoLC)ocm02472737
System control number (NNC)2460006
040 ## - CATALOGING SOURCE
Modifying agency UPvMRC
Original cataloging agency BD-RjUL
Language of cataloging eng
Transcribing agency BD-RjUL
041 ## - LANGUAGE CODE
Language code of text/sound track or separate title eng
082 ## - DEWEY DECIMAL CLASSIFICATION NUMBER
Edition number 21
Classification number 338.16
Author mark and year VIE 1962
090 ## - LOCALLY ASSIGNED LC-TYPE CALL NUMBER (OCLC); LOCAL CALL NUMBER (OCLC)
Classification number (OCLC) (R) ; Classification number, CALL (RLIN) (NR) HD1411
Local cutter number (OCLC) ; Book number/undivided call number, CALL (RLIN) .V74
100 1# - MAIN ENTRY--PERSONAL NAME
Personal name Vincent, Warren H.
9 (RLIN) 9752
245 10 - TITLE STATEMENT
Title Economics and management in agriculture /
Statement of responsibility, etc. Warren H. Vincent,
260 ## - PUBLICATION, DISTRIBUTION, ETC. (IMPRINT)
Place of publication, distribution, etc. Englewood Cliffs, NJ :
Name of publisher, distributor, etc. Prentice-Hall,
Date of publication, distribution, etc. c1962.
300 ## - PHYSICAL DESCRIPTION
Pagination xvii, 452 p. :
Illustrations ill. ;
Size 21 cm.
650 #0 - SUBJECT ADDED ENTRY--TOPICAL TERM
Topical term or geographic name as entry element Agricultural innovations
9 (RLIN) 9753
942 ## - ADDED ENTRY ELEMENTS (KOHA)
Source of classification or shelving scheme Dewey Decimal Classification
Koha item type Books
Holdings
Lost status Source of classification or shelving scheme Damaged status Not for loan Collection code Permanent Location Current Location Shelving location Date acquired Source of acquisition Cost, normal purchase price Total Checkouts Full call number Date last seen Copy number Koha item type
  Dewey Decimal Classification   Not For Loan Non-fiction Central Library, University of Rajshahi Central Library, University of Rajshahi Reading Room 02/06/1964 Zitlinger 72.00   338.16 VIE 1962 18/12/2013 C-1 Books
  Dewey Decimal Classification     Non-fiction Central Library, University of Rajshahi Central Library, University of Rajshahi   02/06/1964 Zitlinger 72.00   338.16 VIE 1962 18/12/2013 C-4 Books
  Dewey Decimal Classification     Non-fiction Central Library, University of Rajshahi Central Library, University of Rajshahi   27/03/1965 Zitlinger 72.00   338.16 VIE 1962 18/12/2013 C-6 Books
  Dewey Decimal Classification     Non-fiction Central Library, University of Rajshahi Central Library, University of Rajshahi   27/03/1965 Zitlinger 72.00   338.16 VIE 1962 18/12/2013 C-7 Books
  Dewey Decimal Classification     Non-fiction Central Library, University of Rajshahi Central Library, University of Rajshahi   27/03/1965 Zitlinger 72.00   338.16 VIE 1962 18/12/2013 C-9 Books
  Dewey Decimal Classification     Non-fiction Central Library, University of Rajshahi Central Library, University of Rajshahi   27/03/1965 Zitlinger 72.00   338.16 VIE 1962 18/12/2013 C-10 Books
  Dewey Decimal Classification     Non-fiction Central Library, University of Rajshahi Central Library, University of Rajshahi   02/06/1964 Zeittinger 60.00   338.16 VIE 1962 23/02/2014 C-3 Books